Visualizzazione normale
Vista MARC
- Martinenche, Ernest,
di Personal Name
Records bibliografici associati: 1
001 - CONTROL NUMBER
- control field: 38149
003 - CONTROL NUMBER IDENTIFIER
- control field: IT-RoINE
005 - DATE AND TIME OF LATEST TRANSACTION
- control field: 20170905105108.0
008 - FIXED-LENGTH DATA ELEMENTS
- fixed length control field: 170905|| aca||aabn | a|a d
040 ## - CATALOGING SOURCE
- Original cataloging agency: IT-RoINE
- Transcribing agency: IT-RoINE
100 ## - HEADING--PERSONAL NAME
- Personal name: Martinenche, Ernest,
- Dates associated with a name: 1869-1939
670 ## - SOURCE DATA FOUND
- Source citation: Work cat.: (IT-RoINE)0: Rabasa, Emilio, 1856-1930 38147, L'évolution historique du Mexique /, 1924.